Кантата (Запись № 10835251)

Подробности
000 -МАРКЕР
контрольное поле 02620ncm0a22004211 4500
001 - ИДЕНТИФИКАТОР ЗАПИСИ
контрольное поле RU\NLR\ONIZ\221577
005 - ИДЕНТИФИКАТОР ВЕРСИИ
контрольное поле 20250626094622.0
010 ## - МЕЖДУНАРОДНЫЙ СТАНДАРТНЫЙ НОМЕР КНИГИ (ISBN)
Номер (ISBN) 5-7379-0268-4
035 ## - ДРУГИЕ СИСТЕМНЫЕ НОМЕРА
Идентификатор записи RU\NLR\ONIZ\Таня\5000006328\20171124155718
035 ## - ДРУГИЕ СИСТЕМНЫЕ НОМЕРА
Идентификатор записи (NLR Aleph) 011590445
071 20 - ИЗДАТЕЛЬСКИЙ НОМЕР
Номер, присвоенный агентством с 4021 к
100 ## - ДАННЫЕ ОБЩЕЙ ОБРАБОТКИ
Данные общей обработки 20171124d2005 |||y0rusy50 ca
101 0# - ЯЗЫК РЕСУРСА
Язык текста, звукозаписи и т.д. немецкий
Язык главного источника информации английский
-- русский
102 ## - СТРАНА ПУБЛИКАЦИИ ИЛИ ПРОИЗВОДСТВА
Страна публикации российская федерация
145 0# - ПОЛЕ КОДИРОВАННЫХ ДАННЫХ: СРЕДСТВО ИСПОЛНЕНИЯ МУЗЫКАЛЬНОГО ПРОИЗВЕДЕНИЯ (УСТАРЕВШЕЕ)
Тип средства исполнения c
200 1# - ЗАГЛАВИЕ И СВЕДЕНИЯ ОБ ОТВЕТСТВЕННОСТИ
Основное заглавие Кантата
Общее обозначение материала Ноты
Сведения, относящиеся к заглавию "Mein Herze schwimmt im Blut"
-- для сопрано, струнных и континуо
-- BWV 199
Первые сведения об ответственности И. С. Бах
Последующие сведения об ответственности реконструкция кётенской версии, вступит. ст. и коммент. Т. Шабалиной
208 ## - ОБЛАСТЬ СПЕЦИФИЧЕСКИХ СВЕДЕНИЙ: НОТНЫЕ ИЗДАНИЯ
Форма изложения нотного текста Партитура, партии
210 ## - ПУБЛИКАЦИЯ, РАСПРОСТРАНЕНИЕ И ДР.
Место издания, распространения и т.д. Санкт-Петербург
Имя издателя, распространителя и т. д. Композитор-Санкт-Петербург
Дата издания, распространения и т.д. 2005
215 ## - ФИЗИЧЕСКАЯ ХАРАКТЕРИСТИКА
Специфическое обозначение материала и объем 40 с., 6 парт. (35 с. разд. паг.)
Размеры 30 см
300 ## - ОБЩИЕ ПРИМЕЧАНИЯ
Текст примечания На с. 3-5: факс. воспроизведение рукописи И. С. Баха.
300 ## - ОБЩИЕ ПРИМЕЧАНИЯ
Текст примечания Предисл.: с. 6-15
300 ## - ОБЩИЕ ПРИМЕЧАНИЯ
Текст примечания Тит. л., предисл. рус., англ.; лит. текст нем.
313 ## - ПРИМЕЧАНИЯ, ОТНОСЯЩИЕСЯ К ТЕМАТИЧЕСКОМУ ДОСТУПУ
Текст примечания Систематизация документа проведена по изданию - Методика классифицирования музыкальных произведений (нотных изданий) по таблицам Библиотечно-библиографических классификаций : метод. рекомендации / Гос. б-ка СССР им. В.И. Ленина.- М., 1977. Индексу ББК методических рекомендаций присваивается код ББК для научных библиотек - LBC/SL
606 1# - НАИМЕНОВАНИЕ ТЕМЫ КАК ПРЕДМЕТ
Наименование темы Кантаты для женского голоса, струнных и континуо
Географический подзаголовок Германия
Хронологический подзаголовок 18 век
Формальный подзаголовок Ноты
Код системы nlr_sh
686 ## - ИНДЕКСЫ ДРУГИХ КЛАССИФИКАЦИЙ
Индекс Щ963(4Г)Пг
Издание LBC/SL
Код системы
700 #1 - ИМЯ ЛИЦА - ПЕРВИЧНАЯ ОТВЕТСТВЕННОСТЬ
Системный номер авторитетной/нормативной записи z01790
Начальный элемент ввода Бах
Часть имени, кроме начального элемента ввода И. С.
Даты 1685-1750
Расширение инициалов личного имени Иоганн Себастьян
Код отношения Композитор
Графика поля Кириллица
702 #1 - ИМЯ ЛИЦА - ВТОРИЧНАЯ ОТВЕТСТВЕННОСТЬ
Код отношения Автор цитат или выдержек из текста
-- Автор введения, предисловия, примечания и т.п.
Графика поля Кириллица
Материалы, к которым относится поле rus
Начальный элемент ввода Шабалина
Часть имени, кроме начального элемента ввода Т. В.
Даты 1957-
Расширение инициалов личного имени Татьяна Васильевна
Системный номер авторитетной/нормативной записи 251267
Идентификатор авторитетной/нормативной записи RU\NLR\AUTH\770251323
790 #1 - ИМЯ ЛИЦА - АЛЬТЕРНАТИВНАЯ ФОРМА
Системный номер авторитетной/нормативной записи z01700
Начальный элемент ввода Bach
Часть имени, кроме начального элемента ввода J. S.
Даты 1685-1750
Расширение инициалов личного имени Johann Sebastian
Код отношения Композитор
Графика поля Латинская
790 #1 - ИМЯ ЛИЦА - АЛЬТЕРНАТИВНАЯ ФОРМА
Код отношения Автор цитат или выдержек из текста
-- Автор введения, предисловия, примечания и т.п.
Графика поля Латинская
Материалы, к которым относится поле rus
Начальный элемент ввода Šabalina
Часть имени, кроме начального элемента ввода T. V.
Даты 1957-
Расширение инициалов личного имени Tat'jana Vasil'evna
Системный номер авторитетной/нормативной записи 251269
Идентификатор авторитетной/нормативной записи RU\NLR\AUTH\770251325
801 #0 - ИСТОЧНИК ЗАПИСИ
Страна российская федерация
Организация NLR
Дата составления 20171124
Правила каталогизации PSBO
801 #1 - ИСТОЧНИК ЗАПИСИ
Страна российская федерация
Организация NLR
Дата составления 20171124
Источник данных rusmarc
801 #2 - ИСТОЧНИК ЗАПИСИ
Страна российская федерация
Организация NLR
Дата составления 20180702
852 ## - МЕСТОНАХОЖДЕНИЕ И ШИФР ХРАНЕНИЯ
Идентификатор организации NLR
Наименование фонда или коллекции (Sub-Location Identifier) М
Шифр хранения (Call Number) К-3/29137
Страна
Номер экземпляра 1
942 ## - ДОПОЛНИТЕЛЬНЫЕ ЭЛЕМЕНТЫ ЗАПИСИ (АБИС)
Тип экземпляра АБИС Ноты
980 ## - КОЛЛЕКЦИЯ
Название коллекции Национальная библиография
980 ## - КОЛЛЕКЦИЯ
Название коллекции Отдел нот и звукозаписей
Экземпляры
Тип экземпляра Дата поступления Библиотека постоянного хранения Библиотека текущего хранения Место хранения Шифр хранения Статус не для выдачи
Ноты 24.11.2017 РНБ (Московский) РНБ (Московский) Фонд нот и звукозаписей К-3/29137 К-3/29137